Statistics for Almaty International Airport Destinations (Almaty, Kazakhstan)

Click here to take the quiz!

General Stats

  • This quiz has been taken 28 times
    (9 since last reset)
  • The average score is 54 of 85

Answer Stats

AirlineDestination% Correct
Wizz AirAbu Dhabi
100%
Air Astana/FlyArystan/SCAT AirlinesAktau
100%
Air Astana/FlyArystan/Qazaq Air/SCAT AirlinesAstana
100%
Air Astana/Azerbaijan AirlinesBaku
100%
Air AstanaBeijing (Capital)
100%
China Southern AirlinesBeijing (Daxing)
100%
Air Astana/FlyArystan/IndiGoDelhi
100%
FlyArystan/Qatar AirwaysDoha
100%
Air Astana/flydubaiDubai (International)
100%
LufthansaFrankfurt
100%
Yakutia AirlinesIrkutsk
100%
Air Astana/flynas/SCAT AirlinesJeddah
100%
Jazeera AirwaysKuwait City
100%
Air SeychellesMahe
100%
BelaviaMinsk
100%
Aeroflot/SCAT AirlinesMoscow (Sheremetyevo)
100%
Red Wings AirlinesMoscow (Zhukovsky)
100%
airBalticRiga
100%
Air Astana/Asiana AirlinesSeoul (Incheon)
100%
Air Astana/Uzbekistan AirwaysTashkent
100%
Hunnu AirUlaanbaatar
100%
China Southern AirlinesUrumqi
100%
Air Astana/FlyArystan/SCAT AirlinesAktobe
80%
AnadoluJet/Pegasus AirlinesAnkara
80%
Air Astana/Pegasus Airlines/SCAT Airlines/Sunday AirlinesAntalya
80%
Turkmenistan AirlinesAshgabat
80%
Air Astana/Qazaq AirBishkek
80%
Air Astana/Somon AirDushanbe
80%
Air Astana/Turkish AirlinesIstanbul
80%
Pegasus AirlinesIstanbul (Sabiha Gokcen)
80%
Air AstanaLondon (Heathrow)
80%
Air Astana/Sunday AirlinesMale
80%
SCAT AirlinesMedina
80%
NeosMilan (Malpensa)
80%
Nordwind AirlinesSamara
80%
Azimuth/Rossiya AirlinesSochi
80%
Air AstanaTbilisi
80%
Kish Air/Qeshm AirTehran (Imam Khomeini)
80%
China Southern AirlinesXi'an
80%
Red Wings AirlinesYekaterinburg
80%
FlyArystanYerevan
80%
Air Astana/FlyArystan/SCAT AirlinesAtyrau
60%
Air AstanaBangkok (Suvarnabhumi)
60%
Air AstanaColombo (Bandaranaike)
60%
Red Wings AirlinesMakhachkala
60%
FlyArystanMumbai
60%
SalamAirMuscat
60%
FlyArystanOmsk
60%
Air AstanaPhuket
60%
Air ArabiaSharjah
60%
Air Astana/Sunday AirlinesSharm El Sheikh
60%
Air AstanaTel Aviv
60%
FlyArystanTurkistan
60%
Air AstanaBodrum
40%
Air AstanaChengdu (Tianfu)
40%
SCAT AirlinesGoa (Dabolim)
40%
SCAT AirlinesHaikou
40%
Loong AirHangzhou
40%
FlyArystanKutaisi
40%
SCAT AirlinesLahore
40%
SCAT AirlinesMineralnye Vody
40%
Sunday Airlines/VietJet AirNha Trang
40%
FlyArystanNukus
40%
SCAT AirlinesPhu Quoc
40%
SCAT AirlinesSanya
40%
FlyArystan/SCAT AirlinesSemey
40%
Air Astana/FlyArystan/Qazaq Air/SCAT AirlinesShymkent
40%
UtairTyumen
40%
SCAT AirlinesBalkhash
20%
Air Astana/SCAT AirlinesHambantota (Mattala)
20%
Air AstanaHeraklion
20%
Nordwind AirlinesKaliningrad
20%
FlyArystan/SCAT AirlinesKaragandy
20%
Qazaq AirKokshetau
20%
FlyArystan/SCAT AirlinesKostanay
20%
AirAsia XKuala Lumpur (International)
20%
Air Astana/SCAT AirlinesKyzylorda
20%
Air Astana/FlyArystan/SCAT AirlinesOral
20%
Air Astana/SCAT AirlinesOskemen
20%
FlyArystanPavlodar
20%
FlyArystan/SCAT AirlinesPetropavl
20%
Air AstanaPodgorica
20%
SCAT AirlinesRas Al Khaimah
20%
FlyArystan/Qazaq Air/SCAT AirlinesTaraz
20%
SCAT AirlinesZhezkazgan
20%

Score Distribution

Percentile by Number Answered

Percent of People with Each Score

Your Score History

You have not taken this quiz since the last reset